Statistics for Present-day countries that formed Yugoslavia

Click here to take the quiz!

General Stats

  • This quiz has been taken 378 times
  • The average score is 6 of 7

Answer Stats

Answer% Correct
Serbia
99%
Croatia
95%
Slovenia
94%
Kosovo
92%
Montenegro
91%
Macedonia
87%
Bosnia and Herzegovina
68%

Score Distribution

Percentile by Number Answered

Percent of People with Each Score

Your Score History

You have not taken this quiz